2012 National Ocean Recreation Expenditure Survey /

Bibliographic Details
Main Authors: Kosaka, R. (Author), Steinback, Scott R. (Author)
Format: Government Document eBook
Language:English
Published: Silver Spring, MD : U.S. Department of Commerce, National Oceanic and Atmospheric Administration, National Marine Fisheries Service, 2018.
Edition:Updated version.
Series:NOAA tech. memo. NMFS-F/SPO ; 185.
Subjects:
Online Access:https://purl.fdlp.gov/GPO/gpo108226

MARC

Tag First Indicator Second Indicator Subfields
LEADER 00000cam a2200000Ii 4500
001 in00004033021
005 20190506084359.0
006 m o d f
007 cr |||||||||||
008 181022s2018 mdua ob f000 0 eng d
035 |a (OCoLC)on1057474943 
043 |a n-us--- 
040 |a GPO  |b eng  |e rda  |e pn  |c GPO  |d MvI 
049 |a WWW 
074 |a 0208-C-23 (online) 
086 0 |a C 55.13/2:NMFS-F/SPO-185 
100 1 |a Kosaka, R.,  |e author. 
245 1 0 |a 2012 National Ocean Recreation Expenditure Survey /  |c R. Kosaka and S. Steinback. 
250 |a Updated version. 
264 1 |a Silver Spring, MD :  |b U.S. Department of Commerce, National Oceanic and Atmospheric Administration, National Marine Fisheries Service,  |c 2018. 
300 |a 1 online resource (viii, 102 pages) :  |b color illustrations. 
336 |a text  |b txt  |2 rdacontent 
337 |a computer  |b c  |2 rdamedia 
338 |a online resource  |b cr  |2 rdacarrier 
490 1 |a NOAA technical memorandum NMFS-F/SPO ;  |v 185 
500 |a "July 2018." 
500 |a "An earlier version of this report was published online as TMSPO185_0.pdf. Data in Table 1.2 (3rd column) on page 10 has been corrected in this updated version"--page 2. 
504 |a Includes bibliographical references (page 47). 
588 |a Description based on online resource, PDF version; title from title page (NOAA, viewed August 30, 2018). 
650 0 |a Ocean  |x Recreational use  |x Economic aspects  |z United States. 
650 0 |a Marine resources  |z United States  |x Management  |x Economic aspects. 
650 0 |a Coastal zone management  |x Economic aspects  |z United States. 
650 0 |a Outdoor recreation  |x Economic aspects  |z United States. 
700 1 |a Steinback, Scott R.,  |e author. 
710 1 |a United States.  |b National Marine Fisheries Service,  |e issuing body. 
776 0 8 |i Print version:  |a Kosaka, R.  |t 2012 National Ocean Recreation Expenditure Survey  |w (OCoLC)1089949063 
830 0 |a NOAA tech. memo. NMFS-F/SPO ;  |v 185. 
856 4 0 |u https://purl.fdlp.gov/GPO/gpo108226  |t 0 
999 f f |s 3ff9035c-e36d-3dd3-828f-6ca131bbb847  |i d78f71e5-9e01-3f2e-b7bc-a414e84406ec  |t 0 
952 f f |a Texas A&M University  |b College Station  |c Electronic Resources  |d Available Online  |t 0  |e C 55.13/2:NMFS-F/SPO-185  |h Superintendent of Documents classification 
998 f f |a C 55.13/2:NMFS-F/SPO-185  |t 0  |l Available Online